|
|
|
|
| LEADER |
00929cam a2200241 a 4500 |
| 001 |
c000263226 |
| 003 |
CARM |
| 005 |
20070621151651.0 |
| 008 |
721109s1972 vra 000 1 eng d |
| 019 |
1 |
|
|a 1609658
|z 548929
|5 LACONCORD2021
|
| 020 |
|
|
|a 0726000329 (pbk.) :
|c $1.65 Aust
|
| 035 |
|
|
|a (OCoLC)694509
|5 LACONCORD2021
|
| 040 |
|
|
|a ANB
|b eng
|c ANB
|d SSL
|d VCAV
|
| 042 |
|
|
|a anuc
|
| 082 |
0 |
4 |
|a 823.3
|2 22
|
| 100 |
1 |
|
|a Lindall, Edward,
|d 1915-
|
| 245 |
1 |
4 |
|a The last refuge /
|c by Edward Lindel [i.e. Lindall].
|
| 260 |
|
|
|a Melbourne :
|b Gold Star Publications,
|c 1972.
|
| 300 |
|
|
|a 156 p. ;
|c 18 cm.
|
| 500 |
|
|
|a Novels in English. Australian writers, 1945-. Texts (ANB/PRECIS SIN 600100340)
|
| 852 |
8 |
|
|b CARM
|h A1:AN11A0
|i A04284
|p 0380630
|f BK
|
| 999 |
f |
f |
|i ef49af5b-f435-57fe-bc87-9595f659e089
|s 0ab9b79e-386e-561d-9328-09e9b80ab306
|
| 952 |
f |
f |
|p Can circulate
|a CAVAL
|b CAVAL
|c CAVAL
|d CARM 1 Store
|e A04284
|f A1:AN11A0
|h Other scheme
|i book
|m 0380630
|